EToH Towers by Picture #2 - Statistics

General Stats
  • This quiz has been taken 121 times
  • The average score is 11 of 16
Answer Stats
Picture Answer % Correct
Tower of Rage
94%
Tower of Icy Blizzards
84%
Tower of Phone Snapping
79%
Tower of Zany Architecture
79%
Tower of Wanting Extra Levels
73%
Tower of Terrible Mondays
72%
Tower of A Depressing Future
65%
Tower of Never Ending Fun
65%
Tower of Slanted Anticipation
63%
Tower of Dimensional Hopping
62%
Tower of Deep Sighing
60%
Tower of Hazardous Laddering
60%
Tower of Mechanically Induced Mayhem
60%
Tower of Orientating Oscillating Opinions
59%
Tower of Questionable Trials
55%
Tower of Swift and Precise Sections
50%
No matching quizzes found
Score Distribution
Percent of People with Each Score
Percentile by Number Answered
Your Score History
You have not taken this quiz